Statistiques concernant Les Antagonistes d'Anime

Cliquez ici pour prendre le quiz!

Statistiques générales

  • Ce quiz a été pris 195 fois
  • Le résultat moyen est 6 sur 12

Statistiques - réponses

HintRéponse% Correct
Dragon Ball ZFreezer
75%
Hunter x HunterMeruem
74%
NarutoPain
70%
BleachAizen
69%
One PieceKaido
69%
My Hero AcademiaTomura Shigaraki
64%
BerserkGriffith
53%
Jojo's Bizarre AdventureDio Brando
44%
Fairy TailZeleph
43%
Kuroko no BasketAkashi
39%
MonsterJohan Liebert
27%
GintamaUtsuro
2%

Distribution des résultats

Percentile par nombre de réponses

% des personnes avec chaque résultat

Votre développement - résultats

Vous n’avez pas pris ce quiz